[Event "CZE-chT2b 0001"]
[Site "Czech Republic"]
[Date "2001.??.??"]
[Round "?"]
[White "Klakurka, Stanislav"]
[Black "Bargel, Martin"]
[Result "0-1"]
[WhiteElo "1930"]
[BlackElo "2155"]
[PlyCount "62"]
[EventDate "2000.??.??"]
[EventType "team"]
[EventRounds "11"]
[EventCountry "CZE"]
[SourceTitle "EXT 2003"]
[Source "ChessBase"]
[SourceDate "2002.11.25"]
[SourceVersion "1"]
[SourceVersionDate "2002.11.25"]
[SourceQuality "1"]

1. e4 c5 2. Nc3 d6 3. f4 Nc6 4. Nf3 g6 5. Bb5 Bd7 6. a4 Bg7 7. 0-0 e6 8. d3 Nge7 9. Be3 0-0 10. d4 cxd4 11. Nxd4 a6 12. Nxc6 bxc6 13. Be2 Qc7 14. Bd4 f6 15. Bf3 Rab8 16. Rb1 c5 17. Bf2 Rb4 18. b3 f5 19. Na2 Rbb8 20. g3 fxe4 21. Bxe4 Nf5 22. Qd2 d5 23. Bg2 d4 24. c3 Bc6 25. Bxc6 Qxc6 26. g4 dxc3 27. Nxc3 Nd4 28. Bxd4 Bxd4+ 29. Rf2 Qf3 30. Qxd4 Qxg4+ 31. Rg2 Qxg2+ 0-1